A study on the factor affecting employee loyalty at Phu Nhuan trading joint stock company : Graduation thesis - Department of business administration

Na minha lista:
Detalhes bibliográficos
Autor principal: Ngo, Ngoc Lam
Formato: Luận văn
Idioma:Undetermined
Publicado em: Trường Đại học Công nghiệp Tp. Hồ Chí Minh 2017
Assuntos:
Tags: Adicionar Tag
Sem tags, seja o primeiro a adicionar uma tag!
Thư viện lưu trữ: Trung tâm Thư viện - Trường Đại học Công nghiệp TP. Hồ Chí Minh
LEADER 00664nam a2200157Ia 4500
001 UIH_01202
008 230809s9999 xx 000 0 und d
082 |a 658.3 
100 |a Ngo, Ngoc Lam 
245 2 |a A study on the factor affecting employee loyalty at Phu Nhuan trading joint stock company : Graduation thesis - Department of business administration 
245 0 |c Ngo, Ngoc Lam 
260 |b Trường Đại học Công nghiệp Tp. Hồ Chí Minh 
260 |c 2017 
650 |a Quản lý nhân sự;Luận văn thạc sĩ; 
927 |a Luận văn 
980 |a Trung tâm Thư viện - Trường Đại học Công nghiệp TP. Hồ Chí Minh